| 000 | 02834nam0a2200349 4500 | ||
|---|---|---|---|
| 001 | RU\NLR\BIBL_A\022592519 | ||
| 005 | 20260420051413.0 | ||
| 010 |
_a978-5-9920-0482-3 _9100 |
||
| 021 |
_aRU _bКН-П-25-033532 _9КН-П-25-3315 |
||
| 035 | _a(NLR Aleph) 022592519 | ||
| 090 |
_a13679710 _c13679710 |
||
| 100 | _a20250729d2025 u y0rusy50 ca | ||
| 101 | 0 | _arus | |
| 102 | _aRU | ||
| 105 | _aa|||j|||000yy | ||
| 181 | 0 |
_ai3 _baxxe |
|
| 182 | 0 | _an | |
| 200 | 1 |
_aРекомендации по ботулинотерапии в эстетической коррекции лица и шеи _eучебное пособие _eдля студентов медицинских вузов, врачей дерматологов, косметологов, пластических и реконструктивных хирургов, проходящих повышение квалификации в системе дополнительного профессионального образования, а также для обучающихся уровня ординатуры и аспирантуры по специальностям "Дерматовенерология", "Косметология", "Пластическая хирургия" _fЕ. И. Губанова, Я. А. Юцковская, Е. С. Багненко _gМинистерство науки и высшего образования Российской Фендерации, Федеральное государственное бюджетное образовательное учреждение высшего образования "Российский биотехнологический университет (РОСБИОТЕХ), Медицинский институт непрерывного образования |
|
| 203 |
_aТекст _bвизуальный _cнепосредственный |
||
| 210 |
_aМосква _cРОСБИОТЕХ _d2025 |
||
| 215 |
_a87 с. _cил., цв. ил., табл. _d20 |
||
| 300 | _aНа 3-й с. авт.: Губанова Е.И., д-р мед. наук, проф., Юцковская Я. А., д-р мед. наук, проф., врач, Багненко Е. С., д-р мед. наук | ||
| 320 | _aБиблиогр.: с. 51-56 | ||
| 606 | 1 |
_aБотулинический токсин _jУчебные издания _xПрименение в клинической косметологии _92326158 _3RU\NLR\AUTH\6601615817 |
|
| 686 | 1 | _aР120.416я7 | |
| 700 | 1 |
_aГубанова _bЕ. И. _gЕлена Ивановна |
|
| 701 | 1 |
_aЮцковская _bЯ. А. _gЯна Александровна |
|
| 701 | 1 |
_aБагненко _bЕ. С. _gЕлена Сергеевна |
|
| 942 | _cBOOK | ||
| 980 | _aNB | ||